The 7 Continents of the World - Statistics

General Stats
  • This quiz has been taken 14 times
  • The average score is 6 of 7
Answer Stats
Answer % Correct
Europe
100%
Antarctica
92%
Asia
92%
Australia
92%
North America
92%
South America
92%
Africa
83%
No matching quizzes found
Score Distribution
Percent of People with Each Score
Percentile by Number Answered
Your Score History
You have not taken this quiz